000 01261cam a2200229 4500
001 WB3712-41
008 000000n2001 000 0 eng u
035 _a(Sirsi) u111555
245 _aVisiting the countryside
260 _c2001
490 _aDETR News Release
_v(143) 16 March 2001, (4)
490 _aCountryside Agency Press Release
_v(2001/18) 16 March 2001, (2)
520 _aThe DETR and MAFF have published guidance on visiting the countryside during the foot and mouth outbreak on their websites at http://www.wildlife-countryside.detr.gov.uk/ruraltf/index.htm and http://www.maff.gov.uk/animalh/diseases/fmd/country.pdf whilst the Countryside Agency website at http://www.countryside.gov.uk/footandmouth/uk.htm includes maps and information on a county by county basis. Further information is also available on the websites of the National Trust, British Waterways and the Institute of Public Rights of Way Officers at http://nationaltrust.org, http://www.british-waterways.org.uk and http://www.iprow.co.uk and those of local authorities.
590 _aWB
650 _aCOUNTRYSIDE
650 _aFOOT-AND-MOUTH DISEASE
650 _aRIGHTS OF WAY
650 _aRURAL AREAS
650 _aTOURISM
690 _aRural
_96268
942 _n0
999 _c66477
_d66477